| 000 | 00547cam a2200217ua 4500 | ||
|---|---|---|---|
| 001 | 9573 | ||
| 005 | 20260515114500.0 | ||
| 008 | 160224n ii |||gr||||Z||||||eng | ||
| 020 | _a8121902606 | ||
| 040 | _cMAIN | ||
| 041 | _aeng | ||
| 082 | _a338.5 | ||
| 100 |
_aAhuja, H L, _eAuthor. |
||
| 245 | 1 |
_aAdvanced economic theory : _bmicroeconomic analysis / _cby H L Ahuja . |
|
| 250 | _a10th rev. ed. | ||
| 260 |
_aNew Delhi: _bS Chand, _c1998. |
||
| 300 | _a1053p. | ||
| 653 | _aProduction | ||
| 653 | _aMicroeconomic analysis | ||
| 942 | _cBK | ||
| 999 |
_c8595 _d8595 |
||